000 01742cam a22004454i 4500
003 PE-LiUPU
005 20250731173001.0
008 150623s r 000 0 d
020 _a0802844332
035 _a(Sirsi) i9780802844330
040 _aPE-LiUPU
_bspa
_cPE-LiUPU
_erda
049 _aPRUA
082 0 4 _a227.4077
_bW74
_221
100 1 _aWitherington, Ben,
_eautor.
245 1 0 _aGrace in Galatia :
_ba commentary on St Paul's letter to the Galatians /
_cBen Witherington.
264 1 _aGrand Rapids, Michigan :
_bWilliam B. Eerdmans Publishing Co.,
_c1998.
300 _a477 páginas ;
_c23 centímetros
336 _atext
_2rdacontent
337 _aunmediated
_2rdamedia
338 _avolume
_2rdacarrier
505 0 _aIntroduction. -Epistolary prescript: 1.1-5 . -Exordium:1.6-10 two gospels?. -Narratio: 1.11-2.14 the origin and character of the gospel of grace. -Propositio: 2.15-21 by the faithfulness of christ, not by works of the law. -Paul's autograph: 6.11 . -Peroraio: 6.12-17 the sum of the matter. -Indexes.
526 _aSEG42
526 _aSEG41
526 _aSEG40
526 _aSEG39
526 _aP94
526 _aP87
526 _aP86
526 _aP85
526 _aP77
526 _aP76
526 _aP35
630 _aBiblia.
_pN.T.
_PG álatas
_xComentarios.
942 _2ddc
_cBOOK
949 _a227.4077 W74
_wDEWEY
_c1
_i45544
_lCCODEBUL1
_mBUL
_r0
_sY
_tBOOK
_u2015-6-24
_xTEOLOGIA
_PP35
_0COMPRA
_o.STAFF. Colección General
994 _aC0
_bPEPRU
596 _a1
999 _a227.4077 W74
_wDEWEY
_c22407
_i45544
_d22407
_f2021-11-9
_g5
_lCCODEBUL1
_mBUL
_q1
_r0
_sY
_tBOOK
_u2015-6-24
_xTEOLOGIA
_PP35
_0COMPRA
_o.STAFF. Colección General
980 _81
_gALBERTO SANCHEZ Responsable de Automatización